A glossary of cultural theory /

Bibliographic Details
Main Author: Brooker, Peter
Corporate Author: NetLibrary, Inc
Format: eBook
Language:English
Published: London : Arnold, 2003.
Edition:2nd ed.
Subjects:
Online Access:Connect to the full text of this electronic book

MARC

Tag First Indicator Second Indicator Subfields
LEADER 00000cam a2200000Ia 4500
001 in00002000604
005 20220105141712.0
006 m d
007 cr cnu---unuuu
008 040330s2003 enk sd 000 0 eng d
020 |a 0585497184 (electronic bk.) 
035 |a (OCoLC)ocm54837093 
040 |a N$T  |c N$T  |d OCLCQ  |d UtOrBLW 
049 |a IKMN 
050 1 4 |a HM621  |b B76 2003eb 
082 0 4 |a 306.03  |2 22 
100 1 |a Brooker, Peter.  |0 http://id.loc.gov/authorities/names/n79111240 
245 1 2 |a A glossary of cultural theory /  |c Peter Brooker. 
250 |a 2nd ed. 
264 1 |a London :  |b Arnold,  |c 2003. 
300 |a 297 pages ;  |c 24 cm. 
336 |a text  |b txt  |2 rdacontent 
337 |a computer  |b c  |2 rdamedia 
338 |a online resource  |b cr  |2 rdacarrier 
500 |a This edition originally published: 2002. 
533 |a Electronic reproduction.  |b Boulder, Colo. :  |c NetLibrary,  |d 2004.  |n Available via World Wide Web.  |n Access may be limited to NetLibrary affiliated libraries. 
500 |a Electronic resource. 
650 0 |a Culture  |x Philosophy  |v Dictionaries. 
650 0 |a Culture  |v Terminology. 
655 7 |a Electronic books.  |2 local 
710 2 |a NetLibrary, Inc.  |0 http://id.loc.gov/authorities/names/no99080690 
776 1 |c Original  |z 0340807016  |w (OCoLC)51781789 
856 4 1 |u https://proxy.library.tamu.edu/login?url=http://www.netLibrary.com/urlapi.asp?action=summary&v=1&bookid=104434  |z Connect to the full text of this electronic book  |t 0 
994 |a 92  |b IKM 
999 |a MARS 
999 f f |s 1935ea41-86e1-3848-bdea-bf319aa9e3dc  |i dbedb92a-ee6d-3bab-a77f-2b6f0f4451af  |t 0 
952 f f |a Texas A&M University  |b College Station  |c Electronic Resources  |d Available Online  |t 0  |e HM621 B76 2003eb  |h Library of Congress classification 
998 f f |a HM621 B76 2003eb  |t 0  |l Available Online